| 000 | 00422nam a2200145Ia 4500 | ||
|---|---|---|---|
| 008 | 220204s9999 xx 000 0 und d | ||
| 082 |
_a630*1(213.5) _bWOR |
||
| 100 | _aWormald, T J | ||
| 245 | 0 | _aMixed and pure forest plantations in the tropics and subtropics | |
| 260 |
_aRome _bFAO _c1992 |
||
| 490 | _aFAO forestry paper 103 | ||
| 650 | _aForest ecosystems | ||
| 650 | _aGenetic resources conservation | ||
| 942 | _cBK | ||
| 999 |
_c40880 _d40880 |
||